| 000 | 00464cam a2200193ua 4500 | ||
|---|---|---|---|
| 020 | _c120.0 | ||
| 041 |
_aeng _h |
||
| 082 |
_a547.71 _bGUE/ES |
||
| 100 | _aGuenther, Ernest . | ||
| 245 |
_aEssential oils: Vol 1 / _cErnest Guenther. _hTextual Documents |
||
| 250 |
_a1 / _b. |
||
| 260 |
_aNew Jersy : _bD.Van Nostrand Co. , _c1960. |
||
| 300 | _a427 ; . | ||
| 362 | 0 | _aVol 1- | |
| 365 | _a120.0 | ||
| 504 | _a | ||
| 942 | _cBK | ||
| 999 |
_c9539 _d9539 |
||